000 00804nam a22002177a 4500
003 PILC
005 20170607085655.0
008 150306b xxu||||| |||| 00| 0 eng d
020 _a9780199129713
050 _aLB 2352 .Al438 2013
100 _aAllison, Rob
245 _aEnglish a :
_blanguage and literature for the IB diploma /
_cRob Allison and Brian Chanen
260 _aUnited Kingdom
_bOxford University Press
_c2013
300 _a208 pages :
_c28 cm.
_billustrations ;
440 _aOxford IB skills and practice
504 _aIncludes index.
650 _2Library of Congress Subject Headings
_aEnglish language
_vExaminations
_xStudy guides
650 _2Library of Congress Subject Headings
_aEnglish literature
_vExaminations
_xStudy guides
700 _aChanen, Brian
942 _2lcc
_cBK
999 _c283741
_d283741